Warszawa - Parkingi P+R (Parkuj i Jedź) - Statystyki

Ogólne statystyki
  • Ten quiz został rozwiązany 153 razy
    148 od ostatniego zresetowania
  • Średni wynik to 7 z 14
Statystyki odpowiedzi
Dzielnica Odpowiedź % Poprawnych
Bielany P+R METRO MŁOCINY
84%
Włochy P+R AL. KRAKOWSKA
79%
Mokotów P+R METRO WILANOWSKA
60%
Ursynów P+R METRO URSYNÓW
58%
Żoliborz P+R METRO MARYMONT
57%
Ursynów P+R METRO STOKŁOSY
45%
Bielany P+R METRO WAWRZYSZEW
44%
Białołęka P+R ŻERAŃ PKP
43%
Ursus P+R URSUS NIEDŹWIADEK
38%
Bemowo P+R POŁCZYŃSKA
37%
Wawer P+R WAWER SKM
37%
Wawer P+R ANIN SKM
36%
Targówek P+R METRO KONDRATOWICZA
36%
Ursynów P+R WARSZAWA JEZIORKI
16%
Nie znaleziono quizów pasujących do podanych kryteriów
Rozkład punktacji
Procent ludzi z każdym wynikiem
Percentyl według liczby udzielonych odpowiedzi
Twoja historia wyników
Nie rozwiązałeś tego quizu od ostatniego zresetowania